=LDR 00000nam 2200000 4500 =001 INLIS000000000024410 =005 20130612123010 =008 ***********************************Ind** =035 ##$$0010-061300000024410 =041 ##$$a Ind =082 ##$$a 351 =090 ##$$a 351, Wid k =100 ##$$a Widiyanti, Ninik =245 ##$$a Kepala daerah dan pengawasan dari pusat, Ninik Widyanti =260 ##$$a 1987 $b Jakarta =300 ##$$a 321 hlm, 21 cm =650 ##$$a Pemerintah pusat =850 ##$$a NBPNMAT